|
|
|
|
| LEADER |
01650cas a2200241 a 4500 |
| 001 |
AALejournalIMF004356 |
| 008 |
230101c9999 xx r poo 0 0eng d |
| 020 |
|
|
|c 5.00 USD
|
| 020 |
|
|
|z 9781451829556
|
| 022 |
|
|
|a 1934-7685
|
| 040 |
|
|
|a BD-DhAAL
|c BD-DhAAL
|
| 110 |
2 |
|
|a International Monetary Fund.
|
| 245 |
1 |
0 |
|a Kingdom of the Netherlands-Netherlands :
|b Selected Issues.
|
| 264 |
|
1 |
|a Washington, D.C. :
|b International Monetary Fund,
|c 2006.
|
| 300 |
|
|
|a 1 online resource (81 pages)
|
| 490 |
1 |
|
|a IMF Staff Country Reports
|
| 500 |
|
|
|a <strong>Off-Campus Access:</strong> No User ID or Password Required
|
| 500 |
|
|
|a <strong>On-Campus Access:</strong> No User ID or Password Required
|
| 506 |
|
|
|a Electronic access restricted to authorized BRAC University faculty, staff and students
|
| 520 |
3 |
|
|a This paper investigates the determinants of trend growth and total factor productivity (TFP) growth in the Netherlands, and underscores the importance of boosting structural reforms in the Netherlands. It examines the fiscal incentives and tax deductibility. The paper summarizes recent developments in the housing market in the country. It provides systematic empirical evidence on a key measure of volatility in different sources of tax revenues. It examines the role of business cycle fluctuations, the impact of the Dutch pension fund system, corporate location decisions, and other specific factors.
|
| 538 |
|
|
|a Mode of access: Internet
|
| 830 |
|
0 |
|a IMF Staff Country Reports; Country Report ;
|v No. 2006/284
|
| 856 |
4 |
0 |
|z Full text available on IMF
|u http://elibrary.imf.org/view/journals/002/2006/284/002.2006.issue-284-en.xml
|z IMF e-Library
|